<?xml version="1.0" encoding="UTF-8"?>
<record
    xmlns:xsi="http://www.w3.org/2001/XMLSchema-instance"
    xsi:schemaLocation="http://www.loc.gov/MARC21/slim http://www.loc.gov/standards/marcxml/schema/MARC21slim.xsd"
    xmlns="http://www.loc.gov/MARC21/slim">

  <leader>01708nam a2200241 a 4500</leader>
  <controlfield tag="001">000012015</controlfield>
  <controlfield tag="005">20240306073909.0</controlfield>
  <controlfield tag="008">081124s1978    cu a          000 0 spa d</controlfield>
  <datafield tag="040" ind1=" " ind2=" ">
    <subfield code="a">DO-SdBNP</subfield>
    <subfield code="b">spa</subfield>
    <subfield code="c">BNPHU</subfield>
  </datafield>
  <datafield tag="082" ind1=" " ind2=" ">
    <subfield code="a">Cu863.5</subfield>
    <subfield code="b">M378e</subfield>
  </datafield>
  <datafield tag="100" ind1="1" ind2=" ">
    <subfield code="a">Mart&#xED;, Jos&#xE9;,</subfield>
    <subfield code="d">1853-1895</subfield>
    <subfield code="9">645</subfield>
  </datafield>
  <datafield tag="245" ind1="1" ind2="3">
    <subfield code="a">La edad de oro /</subfield>
    <subfield code="c">Jos&#xE9; Mart&#xED;.</subfield>
  </datafield>
  <datafield tag="260" ind1=" " ind2=" ">
    <subfield code="a">La Habana :</subfield>
    <subfield code="b">Gente Nueva,</subfield>
    <subfield code="c">1978.</subfield>
  </datafield>
  <datafield tag="300" ind1=" " ind2=" ">
    <subfield code="a">235 p. :</subfield>
    <subfield code="b">il. ;</subfield>
    <subfield code="c">19 cm.</subfield>
  </datafield>
  <datafield tag="500" ind1=" " ind2=" ">
    <subfield code="a">Este libro est&#xE1; formado con los cuatro n&#xFA;meros de la revista La edad de oro, que Mart&#xED; escribi&#xF3; para los ni&#xF1;os de Am&#xE9;rica. La revista se public&#xF3; en Nueva York, en los meses de julio, agosto, septiembre y octubre del a&#xF1;o 1889. Los grabados son reproducci&#xF3;n de los originales de la revista.</subfield>
  </datafield>
  <datafield tag="505" ind1="0" ind2=" ">
    <subfield code="a">Primer n&#xFA;mero. A los ni&#xF1;os que lean La Edad de Oro -- Tres h&#xE9;roes -- Dos milagros -- Me&#xF1;ique -- Cada uno a su oficio -- La Il&#xED;ada, de Homero -- Un juego nuevo y otros viejos -- Beb&#xE9; y el se&#xF1;or don Pomposo -- La &#xFA;ltima p&#xE1;gina</subfield>
  </datafield>
  <datafield tag="505" ind1="0" ind2=" ">
    <subfield code="a">Segundo n&#xFA;mero. La historia del hombre contada por sus casas -- Los dos pr&#xED;ncipes -- Nen&#xE9; traviesa -- La perla de la mora -- Las ruinas indias -- M&#xFA;sicos, poetas y pintores -- La &#xFA;ltima p&#xE1;gina</subfield>
  </datafield>
  <datafield tag="505" ind1="0" ind2=" ">
    <subfield code="a">Tercer n&#xFA;mero. La exposici&#xF3;n de Par&#xED;s -- El camar&#xF3;n encantado -- El padre las Casas -- Los zapaticos de rosa -- La &#xFA;ltima p&#xE1;gina</subfield>
  </datafield>
  <datafield tag="505" ind1="0" ind2=" ">
    <subfield code="a">Cuarto n&#xFA;mero. Un paseo por la tierra de los anamitas -- Historia de la cuchara y el tenedor -- La mu&#xF1;eca negra -- Cuentos de elefantes -- Los dos ruise&#xF1;ores -- La galer&#xED;a de las m&#xE1;quinas -- La &#xFA;ltima p&#xE1;gina.</subfield>
  </datafield>
  <datafield tag="650" ind1=" " ind2="4">
    <subfield code="a">Literatura infantil cubana</subfield>
    <subfield code="9">647</subfield>
  </datafield>
  <datafield tag="650" ind1=" " ind2="4">
    <subfield code="a">Cuentos cubanos</subfield>
    <subfield code="9">1482</subfield>
  </datafield>
  <datafield tag="910" ind1=" " ind2=" ">
    <subfield code="a">Validado. Control de calidad MFF</subfield>
  </datafield>
  <datafield tag="952" ind1=" " ind2=" ">
    <subfield code="0">0</subfield>
    <subfield code="1">1</subfield>
    <subfield code="5">0</subfield>
    <subfield code="7">1</subfield>
    <subfield code="8">MO</subfield>
    <subfield code="a">GR</subfield>
    <subfield code="b">GR</subfield>
    <subfield code="c">MI</subfield>
    <subfield code="d">2013-09-16</subfield>
    <subfield code="i">LF1</subfield>
    <subfield code="l">0</subfield>
    <subfield code="o">Cu863.5 M378e</subfield>
    <subfield code="p">12015-20</subfield>
    <subfield code="r">2020-06-25</subfield>
    <subfield code="t">e. 2</subfield>
    <subfield code="w">2020-06-25</subfield>
    <subfield code="y">1</subfield>
    <subfield code="Z">No se presta</subfield>
  </datafield>
  <datafield tag="952" ind1=" " ind2=" ">
    <subfield code="0">0</subfield>
    <subfield code="1">0</subfield>
    <subfield code="5">0</subfield>
    <subfield code="7">1</subfield>
    <subfield code="8">MO</subfield>
    <subfield code="a">GR</subfield>
    <subfield code="b">GR</subfield>
    <subfield code="c">HD</subfield>
    <subfield code="d">2009-11-03</subfield>
    <subfield code="i">LF1</subfield>
    <subfield code="l">0</subfield>
    <subfield code="o">Cu863.5 M378e</subfield>
    <subfield code="p">12015-10</subfield>
    <subfield code="r">2020-06-25</subfield>
    <subfield code="w">2020-06-25</subfield>
    <subfield code="y">1</subfield>
    <subfield code="Z">No se presta</subfield>
  </datafield>
  <datafield tag="999" ind1=" " ind2=" ">
    <subfield code="c">11683</subfield>
    <subfield code="d">11683</subfield>
  </datafield>
</record>
